00278nam a2200109Ia 4500008004100000100001900041245003300060260003700093650001400130942000700144999001700151190216s9999||||xx |||||||||||||| ||und|| aTolstoy  0aMalayalam-Randu Thalamudikal bSree Narasimha Vialsam Book Depo aMalayalam cBK c24039d24039